000 00475cam a2200145 4500500
005 20251012010614.0
041 _afre
042 _adc
100 1 0 _aPastorini, Chiara
_eauthor
245 0 0 _aAutoportrait de l’auteur en coureur de fond
260 _c2009.
500 _a54
786 0 _nPhilosophie magazine | 28 | 4 | 2009-04-01 | p. 54-54 | 1951-1787
856 4 1 _uhttps://shs.cairn.info/magazine-philosophie-magazine-2009-4-page-54?lang=fr&redirect-ssocas=7080
999 _c1519901
_d1519901